000 00374nam a22001337a 4500
999 _c12715
_d12715
008 210217b ||||| |||| 00| 0 eng d
082 0 0 _a937.06
_bG439
100 _94845
_aGibbon, Edward
245 1 0 _aDecline and fall of the Roman Empire vol 1 /
_cEdward Gibbon
260 _aNew York :
_bThe modern library,
_c?
300 _a956 p.
650 0 _aRome (Empire)
942 _cBK